The planetary scientist's companion (Record no. 12847)

MARC details
000 -LEADER
fixed length control field 00615nam a2200205Ia 4500
003 - CONTROL NUMBER IDENTIFIER
control field IN-BaIIA
008 - FIXED-LENGTH DATA ELEMENTS--GENERAL INFORMATION
fixed length control field 211028s9999 xx 000 0 eng d
020 ## - INTERNATIONAL STANDARD BOOK NUMBER
International Standard Book Number 0-19-511694-1
040 ## - CATALOGING SOURCE
Transcribing agency IIA Library
080 ## - UNIVERSAL DECIMAL CLASSIFICATION NUMBER
Universal Decimal Classification number 523
Item number LOD
100 ## - MAIN ENTRY--PERSONAL NAME
Personal name Lodders, Katharina
9 (RLIN) 22533
245 #4 - TITLE STATEMENT
Title The planetary scientist's companion
Statement of responsibility, etc. Katharina Lodders and B. Fegley
260 ## - PUBLICATION, DISTRIBUTION, ETC.
Place of publication, distribution, etc. New York
Name of publisher, distributor, etc. Oxford University Press
Date of publication, distribution, etc. 1998
300 ## - PHYSICAL DESCRIPTION
Extent xvii, 371p.
650 ## - SUBJECT ADDED ENTRY--TOPICAL TERM
Topical term or geographic name entry element Manual
9 (RLIN) 5458
650 ## - SUBJECT ADDED ENTRY--TOPICAL TERM
Topical term or geographic name entry element Planetary system
9 (RLIN) 756
650 ## - SUBJECT ADDED ENTRY--TOPICAL TERM
Topical term or geographic name entry element Planets
9 (RLIN) 971
700 ## - ADDED ENTRY--PERSONAL NAME
Personal name Fegley, B
9 (RLIN) 22534
942 ## - ADDED ENTRY ELEMENTS (KOHA)
Koha item type Books
Holdings
Withdrawn status Lost status Damaged status Not for loan Home library Current library Shelving location Date acquired Cost, normal purchase price Total Checkouts Full call number Barcode Date last seen Cost, replacement price Price effective from Koha item type Purchase Price
        IIA Library-Bangalore IIA Library-Bangalore General Stacks 19/01/1999 1495.00   523/ LOD 13764 05/11/2021 1495.00 19/01/1999 Books Rs. 1495.00

Powered by Koha